000 00628nam a2200205 a 4500
001 000041661
005 20201002035707.0
008 131015s1962 sp 000 f spa d
040 _aDO-SdBNP
_bspa
_cBNPHU
082 _a863.44
_bV393s, 1962
100 1 _aVazquez, Ángel
_d1929-1980
_968453
245 1 0 _aSe enciende y se apaga una luz. /
_cÁngel Vázquez.
250 _a6a. ed.
260 _aBarcelona :
_bPlaneta,
_c1962.
300 _a293 p. ;
_c19 cm.
586 _aPremio editorial planeta 1962
650 4 _aNovela española
_91123
650 4 _aLiteratura española
_9632
910 _aValidado. Control de calidad MFF
999 _c41151
_d41151